000 00723naa a2200229 i 4500
001 71905
003 ES-MaBCM
005 20241016115913.0
008 871130s1978 esp 000 0 spa d
021 _axx
035 _a(OCoLC)1365174798
040 _cES-MaBCM
041 0 _aspa
043 _aesp
100 1 _aSomogyi, Giovanni
_944679
245 1 0 _aAspectos económicos regionales y experiencias de política económica regional en Italia
_cGiovanni Somogyi
650 2 7 _aPolítica económica
_959827
650 2 7 _aPolítica regional
_959841
651 2 4 _aItalia
_9115380
773 0 _aEn:
_tRevista de administración pública
_dMadrid : 1978
_gn. 85, en.-abr., p. 391-404. - Loc. S.26
_w104514
942 _cAREV
999 _c71905
_d71905